000 00365nam a2200145Ia 4500
008 230711s9999||||xx |||||||||||||| ||und||
041 _aENG
082 _a621
_bLI-M
100 _aLiao,Samuel Y
245 0 _aMicro wave devices and circuits
250 _a1st Ed.
260 _c1992
_aNew Delhi
_bPradeep publishers
650 _aElectronics Engineering
942 _cBK
999 _c3012
_d3012